| 000 | 00393cam a22001337a 4500 | ||
|---|---|---|---|
| 008 | 180718b2008 xxu||||| |||| 00| 0 eng d | ||
| 020 | _a9788189915971 | ||
| 082 | _aT34403x54 J199c | ||
| 100 | _aJain, N.K. | ||
| 245 |
_aConsumer protection: law and practice _cby N.K. Jain |
||
| 260 |
_aNew Delhi _bRegal _c2008 |
||
| 300 | _a296p. | ||
| 650 | _aConsumer protection - Law and legislation - India | ||
| 999 |
_c409825 _d409825 |
||